| Tag |
First Indicator |
Second Indicator |
Subfields |
| LEADER |
00000cam a2200000 a 4500 |
| 001 |
in00002467400 |
| 005 |
20151110040813.0 |
| 008 |
071121s2008 enkabef b 001 0 eng |
| 010 |
|
|
|a 2007047286
|
| 015 |
|
|
|a GBA848343
|2 bnb
|
| 016 |
7 |
|
|a 014567204
|2 Uk
|
| 020 |
|
|
|a 9780754661092 (alk. paper)
|
| 020 |
|
|
|a 0754661091 (alk. paper)
|
| 029 |
1 |
|
|a NLGGC
|b 309989000
|
| 035 |
|
|
|a (OCoLC)ocn182573501
|
| 035 |
|
|
|a (OCoLC)182573501
|
| 040 |
|
|
|a DLC
|c DLC
|d UKM
|d BTCTA
|d BAKER
|d YDXCP
|d BWKUK
|d BWK
|d BWX
|d CDX
|d UtOrBLW
|
| 043 |
|
|
|a e-sp---
|a e-po---
|
| 049 |
|
|
|a TXAM
|
| 050 |
0 |
0 |
|a HE557.S6
|b O35 2008
|
| 082 |
0 |
0 |
|a 387.10946/0903
|2 22
|
| 100 |
1 |
|
|a O'Flanagan, Patrick.
|
| 245 |
1 |
0 |
|a Port cities of Atlantic Iberia, c. 1500-1900 /
|c Patrick O'Flanagan.
|
| 264 |
|
1 |
|a Aldershot, Hampshire, England ;
|a Burlington, VT :
|b Ashgate Pub.,
|c [2008]
|
| 264 |
|
4 |
|c ©2008
|
| 300 |
|
|
|a x, 332 pages, 16 unnumbered pages of plates :
|b illustrations (some color), maps, plans ;
|c 26 cm.
|
| 336 |
|
|
|a text
|b txt
|2 rdacontent
|
| 337 |
|
|
|a unmediated
|b n
|2 rdamedia
|
| 338 |
|
|
|a volume
|b nc
|2 rdacarrier
|
| 504 |
|
|
|a Includes bibliographical references (pages [294]-328) and index.
|
| 650 |
|
0 |
|a Harbors
|z Spain
|x History.
|
| 650 |
|
0 |
|a Harbors
|z Portugal
|x History.
|
| 650 |
|
0 |
|a Urbanization
|z Spain
|x History.
|
| 650 |
|
0 |
|a Urbanization
|z Portugal
|x History.
|
| 938 |
|
|
|a Baker and Taylor
|b BTCP
|n BK0007729798
|
| 938 |
|
|
|a Baker & Taylor
|b BKTY
|c 144.95
|d 144.95
|i 0754661091
|n 0007729798
|s active
|
| 938 |
|
|
|a YBP Library Services
|b YANK
|n 2824204
|
| 938 |
|
|
|a Blackwell Book Service UK
|b BBUK
|n L7798260
|c 75.00
|
| 938 |
|
|
|a Blackwell Book Service
|b BBUS
|n R5746726
|c $144.95
|
| 938 |
|
|
|a Coutts Information Services
|b COUT
|n 6440955
|
| 945 |
|
|
|a PromptCat
|b 581557
|
| 946 |
|
|
|a stk
|
| 947 |
|
|
|a A14837414910
|
| 994 |
|
|
|a 92
|b TXA
|
| 948 |
|
|
|a cataloged
|b h
|d 2009/1/5
|h c
|e asalazar
|f 3:31:11 pm
|
| 999 |
|
|
|a MARS
|
| 999 |
f |
f |
|s 1f9fb284-db3c-311c-947c-add2eeddcc05
|i 1ca51dea-8ef3-3327-9ea3-14dfdfd08f55
|t 0
|
| 952 |
f |
f |
|p normal
|a Texas A&M University
|b College Station
|c Sterling C. Evans Library
|d Evans: Library Stacks
|t 0
|e HE557.S6 O35 2008
|h Library of Congress classification
|i unmediated -- volume
|m A14837414910
|
| 998 |
f |
f |
|a HE557.S6 O35 2008
|t 0
|l Evans: Library Stacks
|